| 000 | 00380 a2200169 4500 | ||
|---|---|---|---|
| 001 | 189436 | ||
| 020 | _a85-85328-05-9 | ||
| 040 | _cMagnum | ||
| 100 | _aBinur, Yoram | ||
| 240 | 1 | 0 |
_aMeu inimigo sou eu _lpor |
| 245 | 1 | 0 | _aMeu inimigo sou eu |
| 300 | _a234 | ||
| 362 | 0 | _a1991 | |
| 440 | 1 | _aScritta Oficina Editorial | |
| 697 | _aLITERATURA GERAL ESTRANGEIRA | ||
| 942 | _cBK | ||
| 999 |
_c189436 _d189436 |
||